Chaîne de mots "o" - Statistiques

Statistiques générales
  • Ce quiz a été pris 152 fois
  • Le résultat moyen est 13 sur 27
Statistiques - réponses
Hint Réponse % Correct
Métal le plus précieux Or
100%
La 4eme conjonction de coordination Donc
94%
Point cardinal ou département Nord
92%
Prénom du meilleur ami de Harry Ron
90%
Arrêt de 3 secondes minimum lorsqu'on conduit Stop
88%
Le père Noël le prononce 3 fois pour prévenir de son arrivée Oh
87%
Capitale de la Norvege Oslo
86%
Pas court Long
82%
Mari de la tata Tonton
82%
Indispensable pour connaître l'identité de quelqu'un Nom
63%
Aux USA les cheerleaders en agite au moins un Pompon
48%
Ustensile de cuisine d'origine asiatique Wok
41%
Penin frontalier au Bénin Togo
39%
Ancien entraîneur de Liverpool prénomme Jürgen Klopp
31%
Synonyme de néophyte à l'anglaise notamment dans les jeux videos Noob
26%
Il délimite un parcours Plot
26%
Une des deux capitales du Benin Porto-Novo
26%
On le fait pour que se soit spectaculaire Show
26%
Groupe de métal donc la traduction française pourrait être Maïs Korn
25%
Il met l'ambiance dans un stade Kop
24%
Marque de téléphone au nom palindromique Oppo
24%
Fou en d'autre terme Mongol
20%
Synonyme de flingue, ancien pilote allemand en F1 Glock
17%
Obligeons en synonyme Ordonnons
17%
La moitié pour un demi de biere Bock
15%
Nom de cette sonde qui est revenu sur terre en 2025 _ _ _ _ _ _ 482 Cosmos
10%
Capitale de la Mongolie intérieur Hohhot
3%
Aucun quiz correspondant
Distribution des résultats
% des personnes avec chaque résultat
Percentile par nombre de réponses
Votre historique - résultats
Vous n’avez pas pris ce quiz